000 00564nam a2200193Ia 4500
005 20250508164836.0
008 008 250505s9999 xx 000 0 eng d
037 _aDissertations
040 _aFEDL
_beng
_cFEDL
041 _aeng
_2eng
084 _a371.1, DUB/DI
_qFEDL
100 _aDubey Nupur
_9779271
245 0 _aReflective journal : A tool for teacher's professional development
260 _c2009
300 _a53p.
546 _aM.Ed. Dissertation, (Delhi University)
942 _cDIS
_h371.1, DUB/DI
999 _c1391522
_d1391522